000 00698nam a2200289Ia 4500
005 20260324134930.0
008 008 260324s9999 xx 000 0 eng d
020 _a9780203707395
037 _aEBOOK
040 _aCRL
040 _beng
040 _cCRL
041 _2eng
041 _aeng
084 _qCRL
100 _aMark Winston
_91198703
245 0 _aLeadership in the Library and Information Science Professions
245 0 _bTheory and Practice
260 _bTaylor and Francis
260 _c2001
365 _a
365 _b230
856 _uhttp://www.taylorfrancis.com/books/9780203707395
942 _cEBOOK
999 _c1799274
_d1799274